000 00656nam a2200241 4500
003 OSt
005 20260601170957.0
008 260418b1988\\\\mx\a||||\||||\00|\0\spa\d
020 _a9682425565
040 _aICI
_bspa
_cICI
050 _aNC703
_bA34 2009
100 1 _aAcha, Juan,
_d1916-1995
245 1 _aIntroducción a la teoría de los Diseños
_cJuan Acha
250 _a4a. ed.
264 _bEditorial Trillas
_c1988
_aMéxico, D.F.
300 _a169 páginas
336 _atexto
_2rdacontent
337 _asin medio
_2rdamedia
338 _avolumen
_2rdacarrier
502 _aReimpresiones: (2012)
650 _aDiseño
_92672
942 _2ddc
_cB
999 _c19894
_d19894